Geography Quiz

Random Geography or Asia Quiz

Most Visited Asian Countries Quiz Stats

 Plays Quiz Updated Jul 9, 2016

Challenge
Share
Tweet
Embed
Score 0/10 Timer 03:00
16 Plays Today
Tourists (Millions) Country % Correct
97.9China
99.7%
13.4Japan
98.7%
24.8Thailand
90.9%
14.2South Korea
88.8%
29.8Russia
87%
27.4Malaysia
74.3%
11.9Singapore
71.9%
39.8Turkey
71.5%
9.9Taiwan
65.6%
15.1Saudi Arabia
65%

You're not logged in!

Compare scores with friends on all Sporcle quizzes.
OR
Log In

You Might Also Like...

Show Comments

Extras

Top Quizzes Today


Score Distribution

Your Account Isn't Verified!

In order to create a playlist on Sporcle, you need to verify the email address you used during registration. Go to your Sporcle Settings to finish the process.

Report this User

Report this user for behavior that violates our Community Guidelines.

Details: